000 00447nam a22001697a 4500
005 20231011174741.0
008 231011b |||||||| |||| 00| 0 eng d
020 _a9780199253142
082 _a658.848
_bSCH-I
100 _aSchuller,Stephan
245 _aInternational Trade&The World Economy
260 _aIndia
_bOxford Univresty Press
_c2004
300 _a111
500 _aInclude Index
650 _aManagement
700 _aStephan Schuller
999 _c33864
_d33864